UM Logo

A high-efficiency ASK-modulated class-e power and data transmitter for medical implants / (Record no. 18915)

MARC details
000 -LEADER
fixed length control field 01034nam a22002417a 4500
003 - CONTROL NUMBER IDENTIFIER
control field OSt
005 - DATE AND TIME OF LATEST TRANSACTION
control field 20251027185245.0
008 - FIXED-LENGTH DATA ELEMENTS--GENERAL INFORMATION
fixed length control field 240205b ||||| |||| 00| 0 eng d
040 ## - CATALOGING SOURCE
Transcribing agency 0
082 ## - DEWEY DECIMAL CLASSIFICATION NUMBER
Classification number DPer 621.317 Ie21 January 2022 v. 37 n. 1
100 ## - MAIN ENTRY--PERSONAL NAME
Personal name Ahmadi, Mohammad Mahdi.
Relator term author.
9 (RLIN) 51396
245 ## - TITLE STATEMENT
Title A high-efficiency ASK-modulated class-e power and data transmitter for medical implants /
Statement of responsibility, etc. Mohammad Mahdi Ahmadi, Shirin Pezeshkpour, and Zahra Kabirkhoo.
260 ## - PUBLICATION, DISTRIBUTION, ETC. (IMPRINT)
Place of publication, distribution, etc. New York ;
Name of publisher, distributor, etc. The Institute of Electrical and Electronics Engineers, Inc. ,
Date of publication, distribution, etc. January 2022.
300 ## - PHYSICAL DESCRIPTION
Extent Volume 37, pages 1090-1101 :
Other physical details illustration ;
Dimensions 28 cm.
500 ## - GENERAL NOTE
General note IEEE Transactions on Power Electronics, v. 37 n. 1, pages 1090-1101, January 2022.
650 #0 - SUBJECT ADDED ENTRY--TOPICAL TERM
Topical term or geographic name as entry element Implants.
9 (RLIN) 65915
650 #0 - SUBJECT ADDED ENTRY--TOPICAL TERM
Topical term or geographic name as entry element Power generation.
9 (RLIN) 65916
650 #0 - SUBJECT ADDED ENTRY--TOPICAL TERM
Topical term or geographic name as entry element Voltage measurement.
9 (RLIN) 65722
700 ## - ADDED ENTRY--PERSONAL NAME
Personal name Ahmadi, Mohammad Mahdi.
Relator term author.
9 (RLIN) 51396
700 ## - ADDED ENTRY--PERSONAL NAME
Personal name Pezeshkpour, Shirin.
Relator term author.
9 (RLIN) 51397
700 ## - ADDED ENTRY--PERSONAL NAME
Personal name Kabirkhoo, Zahra.
Relator term author.
9 (RLIN) 51398
942 ## - ADDED ENTRY ELEMENTS (KOHA)
Source of classification or shelving scheme Dewey Decimal Classification
Koha item type Periodicals
Holdings
Withdrawn status Lost status Source of classification or shelving scheme Damaged status Not for loan Collection code Home library Current library Date acquired Total Checkouts Full call number Date last seen Price effective from Koha item type Public note
    Dewey Decimal Classification     Periodicals UM Digos College - LIC UM Digos College - LIC 02/05/2024   DPer 621.317 Ie21 January 2022 v. 37 n. 1 02/05/2024 02/05/2024 Periodicals Periodical Article